000 00610nam a22002177a 4500
001 33300
003 BD-RjUL
005 20211209052001.0
008 140507t19661963enk||||| |||| 001 0 eng d
035 _a(BD-RjUL)33391
040 _aBD-RjUL
_beng
_cBD-RjUL
_dBD-RjUL
041 _aeng
082 0 0 _a301
_bKUS 1966
100 1 _a Kuhn, Alfred
_931976
245 1 0 _aThe study of society :
_ba multi-disciplinary approach /
_cby Alfred Kuhn
260 _aPlymouth :
_b Tavistock Publications,
_c1966.
300 _a784p. ;
_c21cm.
504 _aInclude index
650 0 _aSociology.
_9101121
942 _2ddc
_cBK
999 _c33300
_d33300